Computational Methods for Process Simulation

Bibliographic Details
Main Author: Ramírez, W. Fred
Format: Section = Libro
Language:Undetermined
Spanish
Published: United States Butterworths 1989
Subjects:
LEADER 00621nam a2200217Ia 4500
008 240830s9999 xx 000 0 und d
020 |a 0-409-90184-9 
040 |a CEDOC FIQ-RUSB / 511 R173 
041 |a spa 
082 |a 511 R173 
100 1 |a Ramírez, W. Fred 
245 1 0 |a Computational Methods for Process Simulation 
260 |a United States  |b Butterworths  |c 1989 
300 |a 501 p.: il. 
650 7 |a ANÁLISIS NÚMERICO 
650 7 |b  MODELADO MATEMÁTICO DEL PROCESO 
650 7 |c  CONSERVACIÓN DE MASA TOTAL 
650 7 |d  ECUACIÓN DE PARTICIONAMIENTO 
942 |c BK  |2 ddc 
991 |a TEXTO 
999 |c 13149